Normal view
MARC view
Entry Personal Name
001 - CONTROL NUMBER
- control field: 28049
003 - CONTROL NUMBER IDENTIFIER
- control field: OSt
005 - DATE AND TIME OF LATEST TRANSACTION
- control field: 20230715084723.0
008 - FIXED-LENGTH DATA ELEMENTS
- fixed length control field: 230715|| aca||aabn | a|a d
040 ## - CATALOGING SOURCE
- Original cataloging agency: OSt
- Transcribing agency: OSt
100 ## - HEADING--PERSONAL NAME
- Personal name: သက်ထွန်း၊
- Titles and other words associated with a name: ဦး၊
- Miscellaneous information: အငြိမ်းစားသံအမတ်ကြီး-။
670 ## - SOURCE DATA FOUND
- Source citation: Work cat.: (OSt): သက်ထွန်း၊ ဦး၊ အငြိမ်းစားသံအမတ်ကြီး-။, သံတို့အမြင်။